000 00296nam a22001217a 4500
008 170907b xxu||||| |||| 00| 0 eng d
041 _aeng
080 _a91
100 _a42
101 _aGJEO
245 _aUNITED NATIONS LIST OF NATIONAL PARKS AND EQUIVALENT RESERVES
_cHAYEZ
942 _2udc
_cBK
999 _c26661
_d26661